<?xml version="1.0" encoding="UTF-8"?>
<record
    xmlns:xsi="http://www.w3.org/2001/XMLSchema-instance"
    xsi:schemaLocation="http://www.loc.gov/MARC21/slim http://www.loc.gov/standards/marcxml/schema/MARC21slim.xsd"
    xmlns="http://www.loc.gov/MARC21/slim">

  <leader>00412nam a22001217a 4500</leader>
  <datafield tag="040" ind1=" " ind2=" ">
    <subfield code="c">SK</subfield>
  </datafield>
  <datafield tag="082" ind1=" " ind2=" ">
    <subfield code="a">658</subfield>
  </datafield>
  <datafield tag="100" ind1=" " ind2=" ">
    <subfield code="a">VON MONIN; &#x179C;&#x1793; &#x1798;&#x17BB;&#x1793;&#x17B7;&#x1793;&#x17D2;&#x1791;</subfield>
  </datafield>
  <datafield tag="245" ind1=" " ind2=" ">
    <subfield code="a">Fund raising and project management &amp; development; &#x1782;&#x1798;&#x17D2;&#x179A;&#x17C4;&#x1784;&#x179F;&#x17C6;&#x178E;&#x17BE;&#x1790;&#x179C;&#x17B7;&#x1780;&#x17B6;&#x1782;&#x17D2;&#x179A;&#x1794;&#x17CB;&#x1782;&#x17D2;&#x179A;&#x1784;&#x1793;&#x17B7;&#x1784; &#x17A2;&#x1797;&#x17B7;&#x179C;&#x178C;&#x17D2;&#x178D;&#x1793;&#x17CD;&#x1782;&#x17C6;&#x179A;&#x17C4;&#x1784;</subfield>
  </datafield>
  <datafield tag="260" ind1=" " ind2=" ">
    <subfield code="a">RUA</subfield>
    <subfield code="b">VON </subfield>
    <subfield code="c">2010</subfield>
  </datafield>
  <datafield tag="300" ind1=" " ind2=" ">
    <subfield code="a">51p.</subfield>
  </datafield>
  <datafield tag="942" ind1=" " ind2=" ">
    <subfield code="c">KB</subfield>
  </datafield>
  <datafield tag="999" ind1=" " ind2=" ">
    <subfield code="c">9216</subfield>
    <subfield code="d">9216</subfield>
  </datafield>
  <datafield tag="952" ind1=" " ind2=" ">
    <subfield code="0">0</subfield>
    <subfield code="1">0</subfield>
    <subfield code="4">0</subfield>
    <subfield code="6">658_000000000000000_VON_2010_C246</subfield>
    <subfield code="7">0</subfield>
    <subfield code="9">50930</subfield>
    <subfield code="a">LBC</subfield>
    <subfield code="b">LBC</subfield>
    <subfield code="c">C246</subfield>
    <subfield code="d">2016-08-26</subfield>
    <subfield code="o">658 VON 2010 C246</subfield>
    <subfield code="p">RUA062589</subfield>
    <subfield code="r">2016-08-26</subfield>
    <subfield code="y">KB</subfield>
  </datafield>
  <datafield tag="952" ind1=" " ind2=" ">
    <subfield code="0">0</subfield>
    <subfield code="1">0</subfield>
    <subfield code="4">0</subfield>
    <subfield code="6">658_000000000000000_VON_2004_C242</subfield>
    <subfield code="7">0</subfield>
    <subfield code="9">52327</subfield>
    <subfield code="a">LBC</subfield>
    <subfield code="b">LBC</subfield>
    <subfield code="c">C242</subfield>
    <subfield code="d">2016-09-19</subfield>
    <subfield code="o">658 VON 2004 C242</subfield>
    <subfield code="p">RUA43996</subfield>
    <subfield code="r">2016-09-19</subfield>
    <subfield code="y">KB</subfield>
  </datafield>
</record>
